000 00349nam a2200145Ia 4500
008 230917s9999||||xx |||||||||||||| ||und||
040 _e39511
_aMAIN
041 _aEnglish
082 _a821.6 B996D:B
100 _aDon, Juan
245 0 _aByron and Joyce through homer
260 _aLondon
_bMacMillan
_c1981
300 _ax, 233 p.
942 _cBK
999 _c225707
_d225707